000
00249nam a2200097Ia 4500
001
768055
005
20250826165411.0
008
250824s9999 xx 000 0 und d
245
0
_a
İÇİMİZDEKİ BİZ
_c
DOĞAN CÜCELOĞLU
260
_b
REMZİ KİTABEVİ
999
_c
768055
_d
768055